Cordwood Building : The State of the Art /
Descripción de la técnica de construcción conocida por la voz en inglés cordwood, consistente en la construcción de muros con una mampostería que integra troncos cortos colocados transversalmente, en forma similar a como la leña es acordonada. El autor presenta ejemplos de construcciones edificadas...
Wedi'i Gadw mewn:
| Prif Awdur: | |
|---|---|
| Fformat: | Llyfr |
| Iaith: | Saesneg |
| Cyhoeddwyd: |
Isla Gabriola, Canadá :
New Society,
2003, c2003
|
| Pynciau: | |
| Tagiau: |
Dim Tagiau, Byddwch y cyntaf i dagio'r cofnod hwn!
|
MARC
| LEADER | 00000nam^a2200000^a^4500 | ||
|---|---|---|---|
| 001 | 000184786 | ||
| 005 | 20250521000000.0 | ||
| 009 | 20260310102126.935 | ||
| 020 | |a 0-86571-475-4 | ||
| 037 | |a Acervo ITESO - Biblioteca | ||
| 041 | |a ING | ||
| 082 | |a 721. 0441 |b ROY | ||
| 100 | |a Roy, Rob |e (autor) | ||
| 245 | 1 | 0 | |a Cordwood Building : |b The State of the Art / |c R. Roy. |
| 264 | 4 | |a Isla Gabriola, Canadá : |b New Society, |c 2003, c2003 | |
| 300 | |a XIII, 240 p. | ||
| 336 | |a texto |b txt |2 rdacontenido | ||
| 337 | |a sin mediación |b n |2 rdamedio | ||
| 338 | |a volumen |b nc |2 rdasoporte | ||
| 520 | |a Descripción de la técnica de construcción conocida por la voz en inglés cordwood, consistente en la construcción de muros con una mampostería que integra troncos cortos colocados transversalmente, en forma similar a como la leña es acordonada. El autor presenta ejemplos de construcciones edificadas principalmente en Canadá y Estados Unidos, aunque también recoge casos de Chile, Gales y Suecia, y muestra al lector cómo construir una vivienda con esta técnica. | ||
| 649 | |a XX | ||
| 650 | |a Cerámica y Mampostería | ||
| 650 | |a Madera | ||
| 650 | |a Materiales de Construcción | ||
| 650 | |a Construcción | ||
| 650 | |a Vivienda | ||
| 650 | |a Ecodiseño | ||
| 650 | |a Diseño Arquitectónico | ||
| 650 | |a Conservación y Protección Ambiental | ||
| 650 | |a Arquitectura - |x Historia y Crítica | ||
| 910 | |a Fondo General | ||
| 920 | |a Impresos - Libros | ||
| 930 | |a Colección General | ||
| 905 | |a 101 | ||
| 901 | |a 0500125730 |b IT1 |c ACC |u 20250521 | ||
| 902 | |a https://opac.biblio.iteso.mx/vufind/Record/000184786 | ||